000 00646cam a22002293a 4500
001 20616
003 PGUSA
005 20140828083435.0
008 070218s2007||||xxu|||||s|||||000 | eng d
040 _aPGUSA
_beng
042 _adc
050 4 _aD501
100 1 _aMasefield, John,
_d1878-1967
245 1 4 _aThe Old Front Line
_h[electronic resource] /
_cJohn Masefield
260 _bProject Gutenberg,
_c2007
506 _aPublic domain in the USA.
516 _aElectronic text
653 _aSomme, 1st Battle of the, France, 1916
830 0 _aProject Gutenberg
_v20616
856 4 0 _uhttp://www.gutenberg.org/ebooks/20616
942 _cEB
999 _c249871
_d249871